00860 2200289 4500001002100000005001500021035002000036007000300056008004100059020002200100082001500122084001700137100002600154245006600180250004200246300004000288650003200328264003600360336002100396337003000417338002300447040002200470090002200492850001200514999002200526990002200548INLIS00000000086076920210608104750 a0010-0621000304ta210608s2020 yoia g | ind d a978-623-228-727-304223a304.62 a304.62 SUH m0 aSuharmantoePengarang10aMonograf perilaku pencegahan penularan covid-19 /cSuharmanto aEdisi pertama; Cetakan pertama - 2020 aviii, 101 halaman :btabel ;c24 cm 4aEpidemi--xAspek demografis31aYogyakarta :bGraha Ilmu,c2020 2rdacontentateks 2rdamediaatanpa perantara 2rdacarrieravolume aYOPDYOGbinderda aCB-D.11 2020-2735 aYOPDYOG aCB-D.11/2020-2735 aCB-D.11/2020-2735